整備新幹線/基本計画路線 - Statistics

General Stats
  • This quiz has been taken 137 times
  • The average score is 11 of 16
Answer Stats
Answer % Correct
整備 北陸
96%
整備 北海道
93%
整備 西九州
93%
基本計画 四国
93%
基本計画 山陰
90%
整備 九州
82%
基本計画 東九州
80%
整備 東北
76%
基本計画 中央
76%
基本計画 羽越
70%
基本計画 奥羽
65%
基本計画 四国横断
33%
基本計画 北海道南回り
28%
基本計画 北陸・中京
28%
基本計画 九州横断
27%
基本計画 中国横断
24%
No matching quizzes found
Score Distribution
Percent of People with Each Score
Percentile by Number Answered
Your Score History
You have not taken this quiz